Quiz sulle Isole più Grandi del Mondo - Statistics

Statistiche generali
  • Questo quiz è stato fatto 3.632 volte
    3.626 dall'ultimo reset
  • Il punteggio medio è 8 su 26
Statistiche sulle risposte
km2 Continente Isola % Corretto
2,130,800 America del Nord Groenlandia
77%
587,041 Africa Madagascar
77%
105,806 America del Nord Cuba
67%
101,826 Europa Islanda
63%
209,331 Europa Gran Bretagna
62%
84,421 Europa Irlanda
57%
65,268 Asia Sri Lanka
57%
748,168 Asia Borneo
34%
138,794 Asia Giava
26%
443,065 Asia Sumatra
26%
78,719 Asia Hokkaido
25%
785,753 Asia | Oceania Nuova Guinea
25%
65,022 Oceania Tasmania
24%
73,929 America del Nord Hispaniola
19%
225,800 Asia Honshu
18%
111,583 Oceania Isola del Nord
17%
145,836 Oceania Isola del Sud
17%
108,860 America del Nord Terranova
16%
507,451 America del Nord Isola di Baffin
15%
109,965 Asia Luzon
11%
217,291 America del Nord Isola Vittoria
10%
180,681 Asia Sulawesi
10%
196,236 America del Nord Isola di Ellesmere
9%
97,530 Asia Mindanao
9%
70,028 America del Nord Isola di Banks
6%
72,493 Asia Sakhalin
5%
Nessun quiz corrispondente trovato
Distribuzione punteggi
Percentuale di utenti per punteggio
Percentile per numero di risposta
I tuoi punteggi nel tempo
Non hai fatto questo quiz dall'ultimo reset